000 00812nam a2200217Ii 4500
003 JO-AjNU
008 230605s9999||||xx |||||||||||||| ||und||
017 _a2006/4/765
040 _aJO-AjNU
_bara
_erda
_cJO-AjNU
041 _aara
050 1 4 _aBP128.19.S58 2006
100 3 _aتقديم شكري، أحمد خالد، إبراهيم محمد الشويخ,
_eauthor
_938136
245 0 0 _aآية الدين: دراسة وتحليل
250 _aط1
264 3 1 _aعمان: دار العلوم للنشر والتوزيع، 2006
300 _a256ص
336 _atext
_btxt
_2rdacontent
337 _aunmediated
_bn
_2rdamedia
338 _avolume
_bnc
_2rdacarrier
650 4 _aالديون- بيع- فقة اسلامي- المعاملات - فقة اسلامي - اية الدنيا - تفسير
_938137
999 _aA15997
_c19565
_d19565